• 首页
  • 本馆介绍
  • 公告通知
  • 最新文献
  • 馆藏检索
  • 电子资源
  • 读者导购
  • 参考咨询
  • 我的图书馆
  • 登录
  • 详细信息显示
  • 放入我的书架
  • 预约/预借图书
  • 作者相关作品
  • 分类相关作品
  • 丛书相关作品
  • 出版社相关作品

书目信息

  • 表格格式
  • 工作单格式
  • 卡片格式
题名:
知识分子与社会转型
    
 
作者: 陶东风 主编
分册:  
出版信息: 开封   河南大学出版社  2004
页数: 40,327页
开本: 23cm
丛书名: 新思潮文档
单 册:
中图分类: D663.5
科图分类:
主题词: 知识分子--研究--文集--中国
电子资源:
ISBN: 7-81091-087-6
000 00829oam2 2200241 45
001 0900000010134
005 20050927151707.54
010    @a7-81091-087-6@dCNY27.00
100    @a20040828d2004 ekmy0chiy0120 ea
101 0  @achi
102    @aCN@b410000
105    @ay z 000yy
200 1  @a知识分子与社会转型@9zhi shi fen zi yu she hui zhuan xing@f陶东风主编@Ftao dong feng zhu bian
210    @a开封@c河南大学出版社@d2004
215    @a40,327页@d23cm
225 2  @a新思潮文档@f金惠敏总主编
330    @a本书主要收录了周宪的“知识分子如何想像自己的身体”、许纪霖的“知识分子是否已经死亡”、田立年的“知识分子社会学”等内容。
461  0 @12001 @a新思潮文档
606 0  @a知识分子@x研究@x文集@y中国
690    @aD663.5@v4
701  0 @a陶东风@Atao dong feng@4主编
801  0 @aCN@bTSSF@c20050927
905    @a10447@dD663.5@e42
    
    知识分子与社会转型/陶东风主编.-开封:河南大学出版社,2004
    40,327页;23cm.-(新思潮文档/金惠敏总主编)
    
    
    ISBN 7-81091-087-6:CNY27.00
    本书主要收录了周宪的“知识分子如何想像自己的身体”、许纪霖的“知识分子是否已经死亡”、田立年的“知识分子社会学”等内容。
●
相关链接 在E读中查询图书 在五车中查询图书 在当当中查询图书 在豆瓣中查询图书


正题名:知识分子与社会转型     索取号:D663.5/42         预约/预借

序号 登录号 条形码 馆藏地/架位号 状态 备注
1 0362697   3626972   第一样本阅览室/ [索取号:D663.5/42] 在馆    
2 0362698   3626981   第一借阅区/ [索取号:D663.5/42] 在馆    
3 0362699   3626990   第一借阅区/ [索取号:D663.5/42] 在馆    
唐山师范学院图书馆 欢迎您!
大连网信软件有限公司© 版权所有